00443 2200169 4500001002100000005001500021008004100036020001800077035001900095041000700114082000800121090001400129100002300143245003700166260004800203300002200251INLIS00000000002068020241224130902241224||||||||| | ||| |||| || |  a979-006-375-X 0010-1224020680 aid0 a635 a635 TIM p0 aREDAKSI AGRO MEDIA00apetunjuk praktris bertanam CABAI aJAKARTA SELATANbPT AGROMEDIA PUSTAKAc2011 a86 hlm.;14,5x21cm